003720000a22001210004500090001700000245009600017041001300113700002600126100002800152942001300180773004000193999001700233 aASbSeriadas10aDentrocincla tyrannina: morphology, behavior and conservation of a shy lek-type insectivore0 aInglés1 aOniki, Yoshika9993461 aWillis, Edwin O.996991 cARTICULO1 tCaldasia345h86q131-140d1995g18 c14980d14980